000 00930cam a22002533a 4500
001 2575
003 PGUSA
005 20140828083016.0
008 010401s2001||||xxu|||||s|||||000 i eng d
040 _aPGUSA
_beng
042 _adc
050 4 _aBS
100 1 _aColeridge, Samuel Taylor,
_d1772-1834
245 1 0 _aConfessions of an Inquiring Spirit and Some Miscellaneous Pieces
_h[electronic resource] /
_cSamuel Taylor Coleridge
260 _bProject Gutenberg,
_c2001
505 0 _aConfessions of an inquiring spirit -- Letters on the inspiration of the scriptures -- An essay on faith -- Notes on the Book of Common Prayer -- A nightly prayer -- A sailor's fortune.
506 _aPublic domain in the USA.
516 _aElectronic text
653 _aBible -- Inspiration
700 1 _aMorley, Henry,
_d1822-1894
830 0 _aProject Gutenberg
_v2575
856 4 0 _uhttp://www.gutenberg.org/ebooks/2575
942 _cEB
999 _c231912
_d231912